Architecture design and validation methods / (Record no. 66178)
[ view plain ]
| 000 -LEADER | |
|---|---|
| fixed length control field | 00940nam a2200301 a 4500 |
| 001 - CONTROL NUMBER | |
| control field | 66178 |
| 003 - CONTROL NUMBER IDENTIFIER | |
| rucl marc code | BD-RjUL |
| 005 - DATE AND TIME OF LATEST TRANSACTION | |
| control field | 20211209081516.0 |
| 008 - FIXED-LENGTH DATA ELEMENTS--GENERAL INFORMATION | |
| fixed length control field | 170314s2000 gw a b 000 0 eng d |
| 020 ## - INTERNATIONAL STANDARD BOOK NUMBER | |
| International Standard Book Number | 354064976X |
| 035 ## - SYSTEM CONTROL NUMBER | |
| System control number | (BD-RjUL)66308 |
| System control number | MITb10939953 |
| System control number | (OCoLC)42812933 |
| 040 ## - CATALOGING SOURCE | |
| Original cataloging agency | DLC |
| Transcribing agency | DLC |
| Modifying agency | C#P |
| -- | UKM |
| -- | BD-RjUL |
| Language of cataloging | eng |
| 041 ## - LANGUAGE CODE | |
| Language code of text/sound track or separate title | eng |
| 082 00 - DEWEY DECIMAL CLASSIFICATION NUMBER | |
| Classification number | 004.22 |
| Edition number | 23 |
| Author mark and year | ARC 2000 |
| 245 00 - TITLE STATEMENT | |
| Title | Architecture design and validation methods / |
| Statement of responsibility, etc. | Egon Borger (ed.). |
| 260 ## - PUBLICATION, DISTRIBUTION, ETC. (IMPRINT) | |
| Place of publication, distribution, etc. | New York : |
| Name of publisher, distributor, etc. | Springer, |
| Date of publication, distribution, etc. | c2000. |
| 300 ## - PHYSICAL DESCRIPTION | |
| Pagination | viii, 357 p. : |
| Illustrations | ill. ; |
| Size | 24 cm. |
| 490 ## - SERIES STATEMENT | |
| Series statement | SpringerLink |
| 504 ## - BIBLIOGRAPHY, ETC. NOTE | |
| Bibliography, etc | Includes bibliographical references. |
| 650 #0 - SUBJECT ADDED ENTRY--TOPICAL TERM | |
| Topical term or geographic name as entry element | Computer architecture. |
| 9 (RLIN) | 194938 |
| Topical term or geographic name as entry element | Integrated circuits |
| General subdivision | Very large scale integration |
| -- | Design and construction. |
| 9 (RLIN) | 195833 |
| 700 1# - ADDED ENTRY--PERSONAL NAME | |
| Personal name | Borger, E. |
| Fuller form of name | (Egon), |
| Dates associated with a name | 1946- |
| 776 1# - ADDITIONAL PHYSICAL FORM ENTRY | |
| Record control number | (OCoLC)840292366 |
| 856 41 - ELECTRONIC LOCATION AND ACCESS | |
| Materials specified | SpringerLink |
| 942 ## - ADDED ENTRY ELEMENTS (KOHA) | |
| Source of classification or shelving scheme | Dewey Decimal Classification |
| Koha item type | Books |
| Lost status | Source of classification or shelving scheme | Damaged status | Not for loan | Collection code | Permanent Location | Current Location | Shelving location | Date acquired | Source of acquisition | Cost, normal purchase price | Total Checkouts | Full call number | Date last seen | Copy number | Koha item type |
|---|---|---|---|---|---|---|---|---|---|---|---|---|---|---|---|
| Dewey Decimal Classification | Not For Loan | Non-fiction | Central Library, University of Rajshahi | Central Library, University of Rajshahi | Reading Room | 12/02/2008 | Paragon Enterprises Dhaka | 101.00 | 004.22 ARC 2000 | 14/03/2017 | C-1 | Books |